<?xml version="1.0" encoding="UTF-8"?>
<resp>
  <nextPage>https://data.bn.org.pl/api/networks/bibs.marcxml?marc=001+b1000002934738&amp;sinceId=1000002934739</nextPage>
  <collection>
    <record xmlns='http://www.loc.gov/MARC21/slim'><leader>01883naa a2200553 i 4500</leader><controlfield tag='001'>b1000002934738</controlfield><controlfield tag='005'>20250227043206.7</controlfield><controlfield tag='008'>230529s2023    pl           |000 0 pol c</controlfield><controlfield tag='009'>9913254804905606</controlfield><datafield ind1=' ' ind2=' ' tag='035'><subfield code='a'>(PL)b1000002934738</subfield></datafield><datafield ind1=' ' ind2=' ' tag='040'><subfield code='a'>WA N</subfield><subfield code='c'>WA N</subfield><subfield code='d'>WA N</subfield><subfield code='d'>SGH</subfield></datafield><datafield ind1=' ' ind2=' ' tag='046'><subfield code='k'>2023</subfield></datafield><datafield ind1=' ' ind2=' ' tag='080'><subfield code='8'>1.1\x</subfield><subfield code='a'>07(045/046)</subfield></datafield><datafield ind1=' ' ind2=' ' tag='080'><subfield code='8'>1.2\x</subfield><subfield code='a'>329(045/046)</subfield></datafield><datafield ind1='1' ind2=' ' tag='100'><subfield code='a'>Adamowski, Janusz</subfield><subfield code='d'>(1952- )</subfield><subfield code='e'>Autor</subfield></datafield><datafield ind1='1' ind2='0' tag='245'><subfield code='a'>Politycy a dzinnikarze :</subfield><subfield code='b'>życie w symbiozie czy raczej przeciwstawność interesów /</subfield><subfield code='c'>Janusz Włodzimierz Adamowski (Uniwersytet Warszawski).</subfield></datafield><datafield ind1=' ' ind2=' ' tag='260'><subfield code='c'>2023.</subfield></datafield><datafield ind1=' ' ind2=' ' tag='336'><subfield code='a'>Tekst</subfield><subfield code='b'>txt</subfield><subfield code='2'>rdacontent</subfield></datafield><datafield ind1=' ' ind2=' ' tag='337'><subfield code='a'>Bez urządzenia pośredniczącego</subfield><subfield code='b'>n</subfield><subfield code='2'>rdamedia</subfield></datafield><datafield ind1=' ' ind2=' ' tag='338'><subfield code='a'>Wolumin</subfield><subfield code='b'>nc</subfield><subfield code='2'>rdacarrier</subfield></datafield><datafield ind1=' ' ind2=' ' tag='380'><subfield code='a'>Artykuły</subfield></datafield><datafield ind1=' ' ind2=' ' tag='380'><subfield code='a'>Publikacje naukowe</subfield></datafield><datafield ind1='1' ind2=' ' tag='388'><subfield code='a'>2001-</subfield></datafield><datafield ind1=' ' ind2='7' tag='650'><subfield code='a'>Politycy</subfield><subfield code='2'>DBN</subfield></datafield><datafield ind1=' ' ind2='7' tag='650'><subfield code='a'>Dziennikarze i dziennikarki</subfield><subfield code='2'>DBN</subfield></datafield><datafield ind1=' ' ind2='7' tag='651'><subfield code='a'>Polska</subfield><subfield code='2'>DBN</subfield></datafield><datafield ind1=' ' ind2='7' tag='655'><subfield code='a'>Artykuł problemowy</subfield><subfield code='2'>DBN</subfield></datafield><datafield ind1=' ' ind2='7' tag='655'><subfield code='a'>Artykuł z pracy zbiorowej</subfield><subfield code='2'>DBN</subfield></datafield><datafield ind1=' ' ind2=' ' tag='658'><subfield code='a'>Polityka, politologia, administracja publiczna</subfield></datafield><datafield ind1=' ' ind2=' ' tag='658'><subfield code='a'>Media i komunikacja społeczna</subfield></datafield><datafield ind1='2' ind2=' ' tag='710'><subfield code='a'>Uniwersytet Warszawski</subfield><subfield code='4'>oth</subfield></datafield><datafield ind1='0' ind2=' ' tag='773'><subfield code='i'>W:</subfield><subfield code='t'>Klinika dziennikarstwa - politycy i dziennikarze.</subfield><subfield code='g'>s. 41-53</subfield><subfield code='w'>(PL)b1000002907462</subfield></datafield><datafield ind1=' ' ind2=' ' tag='852'><subfield code='b'>48OMNIS_WSE</subfield><subfield code='8'>993543271507664</subfield></datafield><datafield ind1=' ' ind2=' ' tag='852'><subfield code='b'>48OMNIS_NLOP</subfield><subfield code='8'>991053074240205066</subfield></datafield><datafield ind1=' ' ind2=' ' tag='852'><subfield code='b'>48OMNIS_NETWORK</subfield><subfield code='8'>9913254804905606</subfield></datafield></record>
  </collection>
</resp>
